Hello neighbor! : (Record no. 389099)
[ view plain ]
| 000 -LEADER | |
|---|---|
| fixed length control field | 02877 am a22004574i 4500 |
| 001 - CONTROL NUMBER | |
| control field | on1131872554 |
| 003 - CONTROL NUMBER IDENTIFIER | |
| control field | OCoLC |
| 005 - DATE AND TIME OF LATEST TRANSACTION | |
| control field | 20231019175111.0 |
| 008 - FIXED-LENGTH DATA ELEMENTS--GENERAL INFORMATION | |
| fixed length control field | 191209s2020 nyua j b 000 0deng |
| 010 ## - LIBRARY OF CONGRESS CONTROL NUMBER | |
| LC control number | 2019047583 |
| 020 ## - INTERNATIONAL STANDARD BOOK NUMBER | |
| International Standard Book Number | 9780823446186 |
| Qualifying information | (hardcover) : |
| Terms of availability | $18.99 |
| 020 ## - INTERNATIONAL STANDARD BOOK NUMBER | |
| International Standard Book Number | 0823446182 |
| Qualifying information | (hardcover) |
| 035 ## - SYSTEM CONTROL NUMBER | |
| System control number | (OCoLC)1131872554 |
| 040 ## - CATALOGING SOURCE | |
| Original cataloging agency | LBSOR/DLC |
| Language of cataloging | eng |
| Description conventions | rda |
| Transcribing agency | DLC |
| Modifying agency | OCLCO |
| -- | OCLCF |
| -- | TP7 |
| -- | LE@ |
| -- | UPB |
| 042 ## - AUTHENTICATION CODE | |
| Authentication code | pcc |
| 043 ## - GEOGRAPHIC AREA CODE | |
| Geographic area code | n-us--- |
| 050 00 - LIBRARY OF CONGRESS CALL NUMBER | |
| Classification number | PN1992.4.R56 |
| Item number | C67 2020 |
| 082 00 - DEWEY DECIMAL CLASSIFICATION NUMBER | |
| Classification number | 791.4502/8092 |
| -- | B |
| Edition number | 23 |
| 092 ## - LOCALLY ASSIGNED DEWEY CALL NUMBER (OCLC) | |
| Classification number | children nonfiction |
| Item number | Rogers |
| 100 1# - MAIN ENTRY--PERSONAL NAME | |
| Personal name | Cordell, Matthew, |
| Dates associated with a name | 1975- |
| Relator term | author, |
| -- | illustrator. |
| 9 (RLIN) | 5719322 |
| 245 10 - TITLE STATEMENT | |
| Title | Hello neighbor! : |
| Remainder of title | the kind and caring world of Mister Rogers / |
| Statement of responsibility, etc | Matthew Cordell. |
| 250 ## - EDITION STATEMENT | |
| Edition statement | First edition. |
| 264 #1 - Production, Publication, Distribution, Manufacture, and Copyright Notice. | |
| Place of production, publication, distribution, manufacture | New York : |
| Name of producer, publisher, distributor, manufacturer | Neal Porter Books ; |
| -- | Holiday House, |
| Date of production, publication, distribution, manufacture, or copyr | [2020] |
| 264 #4 - Production, Publication, Distribution, Manufacture, and Copyright Notice. | |
| Date of production, publication, distribution, manufacture, or copyr | ©2020 |
| 300 ## - PHYSICAL DESCRIPTION | |
| Extent | 32 unnumbered pages : |
| Other physical details | color illustrations ; |
| Dimensions | 28 cm |
| 336 ## - Content Type | |
| Content type term | text |
| 336 ## - Content Type | |
| Content type term | still image |
| 337 ## - Media type | |
| Media type term | unmediated |
| 338 ## - Carrier type | |
| Carrier type term | volume |
| 500 ## - GENERAL NOTE | |
| General note | "A Junior Library Guild selection" |
| 500 ## - GENERAL NOTE | |
| General note | "The authorized picture book biography" |
| 504 ## - BIBLIOGRAPHY, ETC. NOTE | |
| Bibliography, etc | Includes bibliographical references. |
| 520 ## - SUMMARY, ETC. | |
| Summary, etc | "How was Mister Rogers' Neighborhood created, and who was the man that started it all? This moving and informative picture book explores the history of this acclaimed television show and its inspiring creator in an accessible way for children. Mister Rogers' Neighborhood was groundbreaking in its own quiet, generous way. It introduced art, professions, food and even highlighted difficult subjects, like losing a loved one and divorce. This information was delivered both by live performers, like Fred Rogers himself and through a lively cast of puppets who lived in the land of make believe. Backmatter includes a short biography of Fred Rogers as well as exclusively published archival photos provided by Fred Rogers Productions, and an essay from the author. Available shortly after the release of the Mister Rogers' biopic, A Beautiful Day in the Neighborhood starring Tom Hanks, this is the perfect picture book for all who appreciate the power and beauty of Fred's mission. Thoroughly illustrated with lively and captivating drawings, by Caldecott-winning author and illustrator Matthew Cordell, Hello, Neighbor! captures the spirit of the beloved television show." -- |
| 521 ## - TARGET AUDIENCE NOTE | |
| Target audience note | "0408"--Jacket. |
| 583 ## - ACTION NOTE | |
| Action | Jcat |
| Time/date of action | 20200601 |
| Action agent | pjr |
| Institution to which field applies | UPB |
| 600 10 - SUBJECT ADDED ENTRY--PERSONAL NAME | |
| Personal name | Rogers, Fred |
| Form subdivision | Juvenile literature. |
| 9 (RLIN) | 5808829 |
| 630 00 - SUBJECT ADDED ENTRY--UNIFORM TITLE | |
| Uniform title | Mister Rogers' neighborhood (Television program) |
| 650 #0 - SUBJECT ADDED ENTRY--TOPICAL TERM | |
| Topical term or geographic name as entry element | Television personalities |
| Geographic subdivision | United States |
| Form subdivision | Biography |
| -- | Juvenile literature. |
| 9 (RLIN) | 5734651 |
| 650 #0 - SUBJECT ADDED ENTRY--TOPICAL TERM | |
| Topical term or geographic name as entry element | Children's television programs |
| Geographic subdivision | United States |
| General subdivision | History |
| Form subdivision | Juvenile literature. |
| 9 (RLIN) | 6475623 |
| 942 ## - ADDED ENTRY ELEMENTS (KOHA) | |
| Source of classification or shelving scheme | Dewey Decimal Classification |
| Koha item type | BOOK |
| Withdrawn status | Lost status | Source of classification or shelving scheme | Damaged status | Not for loan | Collection code | Home library | Current library | Shelving location | Date acquired | Source of acquisition | Total Checkouts | Total Renewals | Full call number | Barcode | Date last seen | Date checked out | Cost, replacement price | Price effective from | Koha item type |
|---|---|---|---|---|---|---|---|---|---|---|---|---|---|---|---|---|---|---|---|
| Dewey Decimal Classification | Children NonFiction | Wasatch County Library | Wasatch County Library | Main Floor Childrens Area | 10/19/2023 | Amazon | 8 | 3 | E Biography Rogers | 34301002053264 | 09/29/2025 | 09/19/2025 | 18.99 | 10/19/2023 | BOOK |
